Top 24 World Cities With Five Letters - Statistics

General Stats
  • This quiz has been taken 1,076 times
  • The average score is 17 of 24
Answer Stats
pop country city % Correct
39.50 mil Japan Tokyo
99%
16.80 mil Egypt Cairo
98%
11.20 mil France Paris
98%
24.40 mil South Korea Seoul
98%
26.40 mil India Delhi
93%
5.15 mil Italy Milan
91%
3.93 mil UAE Dubai
90%
17.10 mil Nigeria Lagos
89%
17.80 mil Japan Osaka
88%
2.95 mil Vietnam Hanoi
87%
17.60 mil Bangladesh Dhaka
85%
3.73 mil Afghanistan Kabul
85%
6.10 mil United States Miami
84%
3.35 mil Jordan Amman
81%
4.58 mil Ghana Accra
79%
3.30 mil Senegal Dakar
78%
4.28 mil South Korea Busan
64%
2.95 mil Turkey Izmir
57%
8.00 mil China Wuhan
52%
4.03 mil United States Tampa
46%
3.43 mil Indonesia Medan
31%
5.70 mil India Surat
30%
4.55 mil China Hefei
20%
3.95 mil China Jinan
15%
No matching quizzes found
Score Distribution
Percent of People with Each Score
Percentile by Number Answered
Your Score History
You have not taken this quiz